Priemyselná politika SR. 8 - Textil, koža, elektrické prístroje
Pokračovanie seriálu o hlavných zámeroch rozvoja slovenskej priemyselnej základne, spracovaných vo vládnom dokumente Priemyselná politika SR. Textilná a priemyselná výroba. Výroba elektrických a optických zariadení. Spracovanie kože a kožených výrobkov. Rozkolísaný vývoj trhu i výroby. Nezáujem o in...
Saved in:
| Main Author: | |
|---|---|
| Format: | Book Chapter |
| Language: | Slovak |
| Subjects: | |
| Tags: |
No Tags, Be the first to tag this record!
|
MARC
| LEADER | 00000naa a2200000 4500 | ||
|---|---|---|---|
| 001 | r020450 | ||
| 005 | 20230801103355.4 | ||
| 041 | 0 | |a slo | |
| 044 | |a SK | ||
| 245 | 1 | 0 | |a Priemyselná politika SR. 8 - Textil, koža, elektrické prístroje |c P. Višváder |
| 520 | |a Pokračovanie seriálu o hlavných zámeroch rozvoja slovenskej priemyselnej základne, spracovaných vo vládnom dokumente Priemyselná politika SR. Textilná a priemyselná výroba. Výroba elektrických a optických zariadení. Spracovanie kože a kožených výrobkov. Rozkolísaný vývoj trhu i výroby. Nezáujem o investovanie v textilných prevádzkarniach. Vysoká nákladovosť. | ||
| 610 | 2 | 0 | |a Slovensko |
| 610 | 2 | 0 | |a 1992-1995 |
| 610 | 2 | 0 | |a dokumenty vládne |
| 610 | 2 | 0 | |a politika priemyselná |
| 610 | 2 | 0 | |a priemysel textilný |
| 610 | 2 | 0 | |a priemysel odevný |
| 610 | 2 | 0 | |a textil |
| 610 | 2 | 0 | |a koža |
| 610 | 2 | 0 | |a elektrotechnika |
| 100 | 1 | |a Višváder, P. | |